| 000 | 00844nam a22002177a 4500 | ||
|---|---|---|---|
| 999 |
_c20044 _d20044 |
||
| 003 | AR-CdUCM | ||
| 008 | 190524b ||||| |||| 00| 0 spa d | ||
| 040 |
_aMUNICIPALIDAD PROVINCIAL DEL CUSCO _cBIBLIOTECA MUNICIPAL DEL CUSCO |
||
| 082 |
_a510 / _bF61 |
||
| 100 |
_aFlament, Claude _941931 |
||
| 245 | _aTeoría de grafos y estructuras de grupo / | ||
| 260 |
_aMadrid : _bTecnos, _c1972. |
||
| 300 |
_a144 páginas ; _c25 cm. |
||
| 440 |
_aEstructura y función, el porvenir actual de la ciencia _941932 |
||
| 505 | _aContenido : Introducción a la teoría d grafos -- Conjunto de operaciones entre conjuntos -- Conjuntos ordenados, laticias -- Distancias de un conjunto... | ||
| 650 |
_aTeoría de grafos _941933 |
||
| 650 |
_aProcesos de equilibramiento _941934 |
||
| 650 |
_aAplicaciones _941935 |
||
| 942 |
_2ddc _cLIBROS |
||
| 945 | _arcc | ||